Type the title of your paper here Effect of the focused light from the xenon arc lamp on the surface tension of the molten enamel; IOP Conference Series: Materials Science and Engineering; Vol. 110 : Radiation-Thermal Effects and Processes in Inorganic Materials (RTEP2015)

Bibliografiske detaljer
Parent link:IOP Conference Series: Materials Science and Engineering
Vol. 110 : Radiation-Thermal Effects and Processes in Inorganic Materials (RTEP2015).— 2016.— [012109, 5 p.]
Corporate Authors: Национальный исследовательский Томский политехнический университет (ТПУ) Институт неразрушающего контроля (ИНК) Проблемная научно-исследовательская лаборатория электроники, диэлектриков и полупроводников (ПНИЛ ЭДиП), Национальный исследовательский Томский политехнический университет (ТПУ) Физико-технический институт (ФТИ) Кафедра иностранных языков физико-технического института (ИЯФТ)
Andre forfattere: Aleutdinov A. D. Alexander Dmitrievich, Gyngazov (Ghyngazov) S. A. Sergey Anatolievich, Mylnikova T. S. Tatyana Stepanovna, Aleutdinov K. A.
Summary:Title screen
The effect of exposure to the focused light from the xenon arc lamp on the surface tension of molten enamels was studied with a designed light beam setup as compared to that observed in conventional heating in a resistance furnace. The objects under investigation were enamels No. 261, UES-200 and UES-300. The power density of the light beam was varied in the range of (30-80) W/cm{2}. When exposed to light, the surface tension is shown to be an order of magnitude lower than that obtained in conventional furnace heating.
Режим доступа: по договору с организацией-держателем ресурса
Sprog:engelsk
Udgivet: 2016
Fag:
Online adgang:http://dx.doi.org/10.1088/1757-899X/110/1/012109
http://earchive.tpu.ru/handle/11683/18115
Format: MixedMaterials Electronisk Book Chapter
KOHA link:https://koha.lib.tpu.ru/cgi-bin/koha/opac-detail.pl?biblionumber=647087

MARC

LEADER 00000nla2a2200000 4500
001 647087
005 20240215135125.0
035 |a (RuTPU)RU\TPU\network\12224 
035 |a RU\TPU\network\12221 
090 |a 647087 
100 |a 20160324a2016 k y0engy50 ba 
101 0 |a eng 
105 |a y z 100zy 
135 |a drgn ---uucaa 
181 0 |a i  
182 0 |a b 
200 1 |a Type the title of your paper here Effect of the focused light from the xenon arc lamp on the surface tension of the molten enamel  |f A. D. Aleutdinov [et al.] 
203 |a Text  |c electronic 
300 |a Title screen 
320 |a [References: 6 tit.] 
330 |a The effect of exposure to the focused light from the xenon arc lamp on the surface tension of molten enamels was studied with a designed light beam setup as compared to that observed in conventional heating in a resistance furnace. The objects under investigation were enamels No. 261, UES-200 and UES-300. The power density of the light beam was varied in the range of (30-80) W/cm{2}. When exposed to light, the surface tension is shown to be an order of magnitude lower than that obtained in conventional furnace heating. 
333 |a Режим доступа: по договору с организацией-держателем ресурса 
461 0 |0 (RuTPU)RU\TPU\network\2008  |t IOP Conference Series: Materials Science and Engineering 
463 0 |0 (RuTPU)RU\TPU\network\11965  |t Vol. 110 : Radiation-Thermal Effects and Processes in Inorganic Materials (RTEP2015)  |o International Scientific Conference, 31 August to 10 September 2015, Tomsk, Russia  |o [proceedings]  |v [012109, 5 p.]  |d 2016 
610 1 |a электронный ресурс 
610 1 |a труды учёных ТПУ 
610 1 |a дуговые лампы 
610 1 |a поверхностные натяжения 
610 1 |a эмали 
610 1 |a ксеноновые лампы 
610 1 |a световые пучки 
610 1 |a свет 
701 1 |a Aleutdinov  |b A. D.  |c Chemical Engineer  |c Laboratory assistant researcher of Tomsk Polytechnic University  |f 1958-  |g Alexander Dmitrievich  |3 (RuTPU)RU\TPU\pers\34847 
701 1 |a Gyngazov (Ghyngazov)  |b S. A.  |c specialist in the field of electronics  |c Professor of Tomsk Polytechnic University, Doctor of technical sciences  |f 1958-  |g Sergey Anatolievich  |3 (RuTPU)RU\TPU\pers\33279  |9 17024 
701 1 |a Mylnikova  |b T. S.  |c linguist  |c Senior Lecturer of Tomsk Polytechnic University  |f 1959-  |g Tatyana Stepanovna  |3 (RuTPU)RU\TPU\pers\31241  |9 15436 
701 1 |a Aleutdinov  |b K. A. 
712 0 2 |a Национальный исследовательский Томский политехнический университет (ТПУ)  |b Институт неразрушающего контроля (ИНК)  |b Проблемная научно-исследовательская лаборатория электроники, диэлектриков и полупроводников (ПНИЛ ЭДиП)  |3 (RuTPU)RU\TPU\col\19033 
712 0 2 |a Национальный исследовательский Томский политехнический университет (ТПУ)  |b Физико-технический институт (ФТИ)  |b Кафедра иностранных языков физико-технического института (ИЯФТ)  |3 (RuTPU)RU\TPU\col\18736 
801 2 |a RU  |b 63413507  |c 20161121  |g RCR 
856 4 |u http://dx.doi.org/10.1088/1757-899X/110/1/012109 
856 4 0 |u http://earchive.tpu.ru/handle/11683/18115 
942 |c CF